000 00460nam a22001577a 4500
999 _c4117
_d4117
003 OSt
005 20181128190118.0
008 181128b ||||| |||| 00| 0 eng d
040 _bDLC
_cDLC
082 _a231.3
_bG297G
100 _aGee, Donald;
245 _aGod's Grace and Power for Today/
_bThe Practical Experience of Being Filled with the Holy Spirit/
260 _aSpringfield;
_bGospel Publishing House
_cc1936
300 _a44p.;
_c20cm
942 _2ddc
_cBK